000
00321nam a22001457a 4500
008
230320b ||||| |||| 00| 0 eng d
020
_a
9781451113143
041
_a
eng
080
_2
5TH EDITION
_a
615
082
_a
615HAR
100
_a
13
101
_a
FARMAK
245
_a
HARVEY.A.R
_c
PHARMACOLOGY
942
_2
udc
_c
BK
999
_c
59393
_d
59393